Evolución de ingresos y gastos públicos de la provincia de la provincia de Buenos Aires 1885-1979 (Registro nro. 24815)
[ vista simple ]
| 000 -LEADER | |
|---|---|
| fixed length control field | 00424 a2200121 4500 |
| 001 - CONTROL NUMBER | |
| control field | ART_10972 |
| 005 - DATE AND TIME OF LATEST TRANSACTION | |
| control field | 20260410161849.0 |
| 008 - FIXED-LENGTH DATA ELEMENTS--GENERAL INFORMATION | |
| fixed length control field | 260409a |
| 100 1# - MAIN ENTRY--PERSONAL NAME | |
| Personal name | Porto, Alberto |
| 245 10 - TITLE STATEMENT | |
| Title | Evolución de ingresos y gastos públicos de la provincia de la provincia de Buenos Aires 1885-1979 |
| 700 1# - ADDED ENTRY--PERSONAL NAME | |
| Personal name | Núñez Miñana, Horacio |
| 773 0# - HOST ITEM ENTRY | |
| Title | Económica |
| Related parts | - Año XXVIII, Nº 1/2 (ene./ago. 1982) |
| Record control number | REV7541 |
No hay ítems disponibles.